000 00963nam2a22002531 4500
001 RU\NLR\INFOCOMM15\1000143542
005 20250617125419.0
035 _a(NLR Aleph) 002613237
090 _a3549498
_c3549498
100 _a20040625d1913 |||y0rusy50 ca
101 0 _arus
102 _aRU
105 _ay |||||||||
200 1 _aФеноменология духа
_fГ.В.Ф. Гегель
210 _d1913
_aБ. м.
461 0 _1001RU\NLR\INFOCOMM15\1000143535
_12001#$aТруды Петроградского философского общества$vВып.8
_93549439
_aПетербургское философское общество
_cПг.
_d1901-1917
_tТруды Петроградского философского общества
_vВып.8
700 1 _aГегель
_bГ.В.Ф.
_4070
801 1 _aRU
_bInfoComm
_c20040625
801 0 _aRU
_bNLR
_gPSBO
852 _aNLR
_j52/539
942 _cISSUE
980 _aNB
980 _aRUSPER